Statistics for Directors by Obscure Movies

Click here to take the quiz!

General Stats

  • This quiz has been taken 83 times
  • The average score is 5 of 10

Answer Stats

HintAnswer% Correct
Who's that Knocking at my Door?; KundunMartin Scorsese
84%
Fear and Desire; Killer's KissStanley Kubrick
81%
Sabotage; Mr. and Mrs. SmithAlfred Hitchcock
63%
High Plains Drifter; Honkytonk ManClint Eastwood
57%
The Colossus of Rhodes; Duck, you Sucker!Sergio Leone
51%
Talk Radio; SavagesOliver Stone
49%
One from the Heart; TwixtFrancis Ford Coppola
48%
Hi, Mom!; Wise GuysBrian de Palma
32%
Someone to Watch Over Me; White SquallRidley Scott
31%
Prison; SarabandIngmar Bergman
29%

Score Distribution

Percentile by Number Answered

Percent of People with Each Score

Your Score History

You have not taken this quiz